000 00314 a2200133 4500
999 _c321140
_d321140
001 86067
003 NUST
005 20180120160930.0
008 180120b xxu||||| |||| 00| 0 eng d
082 _a428.24 CAT
100 _aCatchpoles
_99303
245 _aEnglish Grammar and Usage
260 _aAHQ Peshawar
_bPAF Book Club
_c2007
300 _a100p.
500 _aPAF Book Club
942 _aCAE NUST
_cBK
_k428.24 CAT
_2ddc